000 00334nam a22001457a 4500
008 230517b ||||| |||| 00| 0 eng d
020 _a9780323037426
041 _aeng
080 _2SEVENTH EDITION
_a610.73
082 _a610.73LEW
100 _a7
101 _aINF
245 _aMEDICAL SURGICAL NURSING
_cLEWIS
942 _2udc
_cBK
999 _c59762
_d59762